000 01778nam a2200229Ia 4500
003 Ost
005 20260416102358.0
008 260416s9999||||xx |||||||||||||| ||und||
040 _cfsecg
041 _aara
082 _a332
100 _aدعاس، خليل
_eمؤلف
245 0 _a المالية العامة :
_bمطبوعة موجهة لطلبة السنة الثانية شعبة العلوم الاقتصادية ، شعبة العلوم التجارية ،شعبة علوم التسيير و شعبة المالية و المحاسبة /
_c خليل دعاس
260 _aالجزائر
_bجامعة الجزائر3: كلية العلوم الإقتصادية، العلوم التجارية وعلوم التسيير
_c2021
300 _a109 ورقة
_bايضاحات
_c30 سم
504 _aمراجع ص.108
520 _a تعريف المالية العامة ، الحاجات العامة و الحاجات الخاصة ، الفرق بين المالية العامة و المالية الخاصة ، تطور المالية العامة ، علاقة المالية العامة بالعلوم المختلفة ، مفهوم النفقة العامة و عناصرها و تقسيمها ، قواعد الانفاق العام ، الآثار الاقتصادية للنفقات العامة ، ايرادات الدومين ، الرسوم ، الضرائب ، القروض العامة ، ماهية الموازنة العامة و قواعدها و مراحلها .
653 _aالمالية العامة
653 _aالميزانية العامة
710 _aجامعة الجزائر3: كلية العلوم الإقتصادية، العلوم التجارية وعلوم التسيير
_eناشر علمي
942 _cHANDOUT
999 _c41294
_d41294